000 00462nam a2200181Ia 4500
003 GCL
008 140319s9999 xx 000 0 eng d
040 _aGCL /
_cGCL
082 0 4 _a947.063
_bM C
100 1 _aDE MADARIAGA
245 1 0 _aCATHERING THE GREAT: A SHORT HISTORY /
_cDE MADARIAGA
260 _a[S.N] :
_bYALE UNIVERSITY PRESS ،
_c1990
300 _a240 P
650 0 4 _aHISTORY
650 0 4 _aSOVIET UNION
650 0 4 _aCATHERIN
942 _2ddc
_cBK
999 _c23597
_d23597